[Event "Ave-Kontakt Cup"]
[Site "Olomouc CZE"]
[Date "2006.08.04"]
[Round "4"]
[White "Biolek,R1"]
[Black "Damia,A"]
[Result "1-0"]
[WhiteElo "2304"]
[BlackElo "2237"]

1.e4 d6 2.d4 Nf6 3.Nc3 e5 4.Nge2 Nbd7 5.g3 Be7 6.Bg2 O-O 7.O-O c6 8.f4 b5
9.a3 Rb8 10.h3 a5 11.Be3 b4 12.axb4 axb4 13.Nb1 exf4 14.Nxf4 d5 15.e5 Ne4
16.Bxe4 dxe4 17.Nd2 Qb6 18.Qe2 f5 19.Ne6 Rf7 20.Nc4 Qb7 21.Nd8 Bxd8 22.Nd6 Qc7
23.Nxf7 Kxf7 24.Rxf5+ Kg8 25.Qc4+ Kh8 26.Qf7 h6 27.Bxh6  1-0

[Event "15th Open A"]
[Site "Vienna AUT"]
[Date "2006.08.04"]
[Round "7"]
[White "Marjanovic,Slavk"]
[Black "Seiser,K"]
[Result "1/2-1/2"]
[WhiteElo "1967"]
[BlackElo "2063"]

1.d4 d6 2.e4 Nf6 3.Nc3 e5 4.dxe5 dxe5 5.Qxd8+ Kxd8 6.Bc4 Be6 7.Bxe6 fxe6
8.Be3 Bd6 9.f3 Nbd7 10.O-O-O Ke7 11.Nb5 a6 12.Nxd6 cxd6 13.Ne2 Rac8 14.Rd3 Nc5
15.Bxc5 dxc5 16.Rhd1 Rhd8 17.Rxd8 Rxd8 18.Rxd8 Kxd8 19.Kd2 Kc7 20.Ke3  1/2-1/2

[Event "FSGM August"]
[Site "Budapest HUN"]
[Date "2006.08.05"]
[Round "1"]
[White "Lapshun,Y"]
[Black "Lorscheid,G"]
[Result "1-0"]
[WhiteElo "2452"]
[BlackElo "2294"]

1.e4 d6 2.d4 Nf6 3.Nc3 e5 4.Nge2 Be7 5.g3 Bg4 6.Qd3 O-O 7.f3 exd4 8.Nxd4 c5
9.Nde2 Bc8 10.Bg2 Nc6 11.f4 Bg4 12.O-O Qb6 13.Kh1 Rad8 14.a3 Rfe8 15.Be3 Bf8
16.Rfe1 g6 17.b4 Qc7 18.b5 Nb8 19.h3 Bxe2 20.Rxe2 Bg7 21.Rd1 Qa5 22.a4 c4
23.Qd2 Nh5 24.Nd5 Nxg3+ 25.Kh2 c3 26.Qd3 Nxe2 27.Qxe2 Qxa4 28.Qd3 Rc8 29.b6 a6
30.Nc7 Red8 31.e5 Bh6 32.e6 Bxf4+ 33.Kh1 fxe6 34.Nxe6 Be5 35.Qd5 Kh8 36.Nxd8 Rxd8
37.Qxe5+ dxe5 38.Rxd8+ Kg7 39.Rxb8 Qxc2 40.Rxb7+ Kf6 41.Rc7 Qb1+ 42.Kh2 c2
43.b7 e4 44.Bxe4 Qb2 45.Rxc2 Qe5+ 46.Kg1 Qg3+ 47.Kf1 Qxe3 48.b8=Q Qxe4 49.Qd8+ Kg7
50.Rc7+  1-0

[Event "Agentura 64 Cup"]
[Site "Olomouc CZE"]
[Date "2006.08.05"]
[Round "5"]
[White "Zapletal,J"]
[Black "Prikryl,T"]
[Result "1/2-1/2"]
[WhiteElo "2138"]
[BlackElo "2072"]

1.e4 d6 2.d4 Nf6 3.Nc3 Nbd7 4.Nf3 e5 5.Bc4 Be7 6.O-O O-O 7.a4 c6 8.Re1 Qc7
9.h3 b6 10.d5 c5 11.Nh4 g6 12.Bh6 Re8 13.Qf3 a6 14.Rad1 Bf8 15.Bxf8 Rxf8
16.Ne2 Ne8 17.Ng3 Ng7 18.Qe3 f6 19.Qh6 Rf7 20.Re3 Nf8 21.Be2 Nd7 22.b3 b5
23.axb5 axb5 24.Bg4 Ra2 25.Rd2 Qa5  1/2-1/2

[Event "XXI Rapid Open"]
[Site "Villarrobledo ESP"]
[Date "2006.08.05"]
[Round "3"]
[White "Anand,V"]
[Black "Strikovic,A"]
[Result "1-0"]
[WhiteElo "2779"]
[BlackElo "2510"]

1.e4 d6 2.d4 Nf6 3.Nc3 e5 4.Nge2 Be7 5.f3 h5 6.Be3 Nbd7 7.Qd2 c6 8.a4 g6
9.g3 O-O 10.Bg2 Re8 11.O-O a5 12.h3 Bf8 13.f4 exd4 14.Bxd4 Nc5 15.Bxc5 dxc5
16.Rad1 Be6 17.Qe3 Qb6 18.e5 Bf5 19.Qf2 Nh7 20.g4 hxg4 21.Ng3 gxh3 22.Nxf5 hxg2
23.Qxg2 Kh8 24.Ng3 Rad8 25.Nge4 Rd4 26.Rde1 c4 27.Kh1 Qd8 28.Re3 Be7 29.Rh3 Kg7
30.f5 Rh8 31.f6+ Kg8 32.fxe7 Qxe7 33.Qh2 Kg7 34.Nf6  1-0

[Event "HZ Open"]
[Site "Vlissingen NED"]
[Date "2006.08.05"]
[Round "1"]
[White "Perez,Rod"]
[Black "Baete,G"]
[Result "1-0"]
[WhiteElo "2406"]
[BlackElo "1827"]

1.e4 d6 2.d4 Nf6 3.Nc3 Nbd7 4.Nf3 e5 5.Bc4 Be7 6.O-O h6 7.a4 c6 8.Re1 Qc7
9.b3 Nf8 10.d5 g5 11.Nd2 Ng6 12.Nf1 Nf4 13.Ne3 h5 14.Bf1 h4 15.Nc4 N6h5 16.Ba3 Rh6
17.Qd2 Rg6 18.dxc6 bxc6 19.Rad1 g4 20.Bxd6 Bxd6 21.Nxd6+ Ke7 22.Nf5+ Ke8
23.Nxh4 Rg7 24.g3 Nh3+ 25.Bxh3 gxh3 26.Qh6 Bg4 27.Qh8+ Ke7 28.Qxa8  1-0

[Event "Open"]
[Site "Olomouc CZE"]
[Date "2006.08.06"]
[Round "4"]
[White "Kulovana,E"]
[Black "Zakharov,Vas"]
[Result "0-1"]
[WhiteElo "2199"]
[BlackElo "2064"]

1.e4 d6 2.d4 Nf6 3.Nc3 Nbd7 4.Nf3 e5 5.Be2 Be7 6.O-O O-O 7.a4 c6 8.a5 Re8
9.Re1 Bf8 10.Bf1 exd4 11.Nxd4 Nc5 12.f3 d5 13.exd5 Rxe1 14.Qxe1 Nxd5 15.Nxd5 Qxd5
16.Be3 Bf5 17.Qc3 Re8 18.Nxf5 Qxf5 19.b4 Ne6 20.Bxa7 Nf4 21.Qd2 Qg5 22.Qd1 Bxb4
23.g3 Re1 24.Qxe1 Bxe1 25.Rxe1 Ne6 26.Bb6 Qd2 27.Re2 Qc3 28.f4 h5 29.Rf2 Qb4
30.Bd3 c5 31.Re2 Qd4+ 32.Kg2 h4 33.Be4 Qd1 34.Rf2 Qe1 35.Bf5 Nd4 36.Bc8 f5
37.h3 Qe4+ 38.Kh2 Qe3  0-1

[Event "Agentura 64 Cup"]
[Site "Olomouc CZE"]
[Date "2006.08.06"]
[Round "6"]
[White "Houska,Ji"]
[Black "Prikryl,T"]
[Result "1/2-1/2"]
[WhiteElo "2140"]
[BlackElo "2072"]

1.d4 d6 2.e4 Nf6 3.Nc3 Nbd7 4.Nf3 e5 5.Bc4 Be7 6.O-O O-O 7.a4 c6 8.Qe2 Qc7
9.h3 b6 10.Be3 Bb7 11.dxe5 dxe5 12.Nh4 g6 13.Bh6 Rfc8 14.Nf3 Bf8 15.Bxf7+ Kxf7
16.Qc4+ Ke7 17.Ng5 Re8 18.Qf7+ Kd8 19.Bxf8 Nxf8 20.Qxf6+ Qe7 21.Rad1+ Kc7
22.Qxe7+ Rxe7 23.Rd2 h6 24.Nf3 Nd7 25.Rfd1 Rf8 26.Rd6 Rf6 27.Rxf6 Nxf6 28.Nh4 Rg7
29.f3 Bc8 30.Kf2 Nh5 31.Ne2 Nf4 32.Nxf4 exf4 33.g4 b5 34.axb5 cxb5 35.Rd5 Kc6
36.Rd8 Be6 37.e5 Bd7 38.Rh8 h5 39.Rh6 hxg4 40.fxg4 Be8 41.Kf3 Kd5 42.Kxf4 g5+
43.Kf5 gxh4 44.g5 Bd7+ 45.Kf6 Rg8 46.Rxh4 Re8 47.g6 Re6+ 48.Kg7 Rxe5 49.Kh7 Bf5
50.Rh5 Bxc2 51.Kh6 a5 52.Rxe5+ Kxe5 53.Kg5 Ke6 54.h4 Ke7 55.h5 Kf8 56.Kf6 a4
57.Ke5 b4 58.Kd4 Bb3 59.h6 Kg8 60.Kd3 Kh8 61.Kd2 Be6 62.Kd3 a3 63.bxa3 bxa3
64.Kc2 Ba2  1/2-1/2

[Event "Ave-Kontakt Cup"]
[Site "Olomouc CZE"]
[Date "2006.08.06"]
[Round "6"]
[White "Talla,V"]
[Black "Damia,A"]
[Result "1-0"]
[WhiteElo "2426"]
[BlackElo "2237"]

1.e4 d6 2.d4 Nf6 3.Nc3 e5 4.dxe5 dxe5 5.Qxd8+ Kxd8 6.Bg5 Be6 7.O-O-O+ Nd7
8.f4 exf4 9.Nf3 Kc8 10.Bxf4 Bb4 11.Nb5 Ba5 12.Nbd4 Nc5 13.e5 Nd5 14.Nxe6 fxe6
15.Rd4 Rf8 16.Bg3 Bb6 17.Rg4 g6 18.Rh4 h5 19.Be1 c6 20.Bd2 Bd8 21.Rd4 Nd7
22.c4 c5 23.Re4 Nb4 24.a3 Nc6 25.Bd3 g5 26.Nxg5 Ndxe5 27.Be2 Rf2 28.Nxe6 Be7
29.g3 Nd7 30.Nf4 Bd6 31.Be3 Rxe2 32.Nxe2 Na5 33.Rd1  1-0

[Event "Proclient Cup"]
[Site "Olomouc CZE"]
[Date "2006.08.06"]
[Round "7"]
[White "Krupa,M"]
[Black "Ramiro Ovejero,J"]
[Result "1-0"]
[WhiteElo "2251"]
[BlackElo "2323"]

1.e4 d6 2.d4 Nf6 3.Nc3 Nbd7 4.Nf3 e5 5.Bc4 Be7 6.O-O O-O 7.Qe2 c6 8.a4 a5
9.Rd1 Qc7 10.Bg5 exd4 11.Nxd4 Nc5 12.h3 Be6 13.Nxe6 fxe6 14.e5 Nd5 15.Bxe7 Qxe7
16.exd6 Qxd6 17.Rd4 Nxc3 18.bxc3 Qe7 19.Rad1 Rf6 20.Rd6 Raf8 21.Qe3 Nxa4
22.Rd7 Qc5 23.R1d4 Kh8 24.Rxb7 Nb6 25.Rxg7 Qh5 26.Rdg4 Nxc4 27.Qg3 Qe8 28.Rh4 h6
29.Qg5  1-0

[Event "XXI Rapid Open"]
[Site "Villarrobledo ESP"]
[Date "2006.08.06"]
[Round "6"]
[White "Dreev,A"]
[Black "Moreno Carnero,J"]
[Result "0-1"]
[WhiteElo "2666"]
[BlackElo "2509"]

1.d4 d6 2.e4 Nf6 3.Nc3 e5 4.Nf3 Nbd7 5.Bc4 Be7 6.O-O O-O 7.Re1 c6 8.a4 a5
9.b3 exd4 10.Qxd4 Ng4 11.Qd2 Nde5 12.Be2 Qb6 13.Rf1 f5 14.exf5 Bxf5 15.Nd4 d5
16.Bb2 Bc5 17.Rad1 Bd7 18.f3 Nf6 19.Kh1 Rae8 20.Rfe1 Ng6 21.Nb1 Re7 22.Bf1 Rfe8
23.Rxe7 Rxe7 24.Bc3 Bb4 25.Qf2 Rf7 26.Bxb4 axb4 27.Re1 Qc5 28.Qd2 Re7 29.Rxe7 Qxe7
30.Qe2 Qc5 31.Qd2 Kf7 32.c3 bxc3 33.Nxc3 Qe7 34.Nce2 c5 35.Nb5 Bc6 36.b4 cxb4
37.Ned4 Qc5 38.Nb3 Qe7 39.N3d4 Qc5 40.Nb3 Qe7 41.a5 Ne5 42.Qc2 Nc4 43.N5d4 Qe1
44.Qd3 Bd7 45.Qe2 Qxe2 46.Kg1 Qf2+ 47.Kxf2 Nxa5 48.Bd3 b6 49.f4 Ng4+ 50.Ke2 Nf6
51.h3 h6 52.Ke3 Nxb3 53.g4 Bf5 54.Nxb3 Bxg4 55.Bc2 d4+ 56.Kd3 Nd5 57.h4 Nf6
58.Kxd4 Bd1 59.Bxd1 Ng4 60.f5 Ne3  0-1

[Event "HZ Open"]
[Site "Vlissingen NED"]
[Date "2006.08.06"]
[Round "2"]
[White "Nijboer,F"]
[Black "Plukkel,S"]
[Result "1-0"]
[WhiteElo "2598"]
[BlackElo "2148"]

1.e4 d6 2.d4 Nf6 3.Nc3 Nbd7 4.g4 h6 5.Be3 e5 6.h3 c6 7.Nge2 Be7 8.Ng3 exd4
9.Qxd4 Ne5 10.Be2 g5 11.O-O-O Be6 12.Nf5 Bxf5 13.exf5 Qa5 14.Kb1 Nfd7 15.f4 gxf4
16.Bxf4 O-O-O 17.Qe3 Rhe8 18.Bxh6 d5 19.Qc1 Nb6 20.h4 Bb4 21.Rh3 d4 22.Ne4 Nxg4
23.Bxg4 Rxe4 24.Bf3 Re5 25.Bf4 Rb5 26.Be2 Rbd5 27.f6 Re8 28.Bf3 Bc3 29.bxc3 Rb5+
30.Qb2 Rxb2+ 31.Kxb2 Na4+ 32.Kc1 Nxc3 33.Bg4+ Kd8 34.Rxd4+ Nd5 35.Rb3 Re1+
36.Kb2 Qc5 37.c3 b5 38.Bf3 b4 39.Bd2  1-0

[Event "Agentura 64 Cup"]
[Site "Olomouc CZE"]
[Date "2006.08.07"]
[Round "8"]
[White "Hagesaether,T"]
[Black "Prikryl,T"]
[Result "0-1"]
[WhiteElo "2013"]
[BlackElo "2072"]

1.e4 d6 2.d4 Nf6 3.Nc3 Nbd7 4.g4 h6 5.h3 e5 6.Nge2 Be7 7.Be3 c6 8.Bg2 Qc7
9.O-O Nf8 10.f4 exf4 11.Nxf4 Bd7 12.e5 dxe5 13.dxe5 Qxe5 14.Bd4 Qc7 15.Bxf6 Bxf6
16.Nh5 Bxc3 17.bxc3 Ne6 18.Qe2 O-O 19.Rf2 f6 20.Raf1 Ng5 21.Qd3 Be8 22.Nf4 Bf7
23.h4 Ne6 24.Ng6 Rfe8 25.Qf5 Qb6 26.Be4 Bxg6 27.Qxg6 Nf8 28.Qf5 Re5 29.Qf3 Rae8
30.Bd3 Re3 31.Qf4 R8e5 32.Bc4+ Ne6 33.g5 hxg5 34.Bxe6+ Rxe6 35.hxg5 R3e5
36.gxf6 gxf6 37.Kh1 Qe3 38.Qxe3 Rxe3 39.Rxf6 Rxf6 40.Rxf6 Rxc3 41.Rf2 Ra3
42.c4 Rc3 43.Rb2 b6 44.Rb4 Kf7 45.Ra4 a5 46.Kg2 Ke6 47.Kf2 Kd6 48.Ke2 Kc5
49.Kd2 Rxc4 50.Ra3 a4 51.Rh3 Rg4 52.Kc3 b5 53.Rh6 Kb6 54.Rh8 Rg3+ 55.Kb2 b4
56.Rb8+ Kc5 57.Ra8 a3+ 58.Kc2 Kc4 59.Rh8 Rg2+ 60.Kb1 Rb2+ 61.Ka1 Rd2 62.Kb1 Kc3
63.Rh3+ Rd3 64.Rh1 c5 65.Rc1+ Kd4 66.Rh1 c4 67.Rh4+ Kc3 68.Rh1 b3 69.Rc1+ Kb4
70.axb3 cxb3 71.Rh1 Re3 72.Rh4+ Kc3 73.Rh1 Kd2 74.Rh2+ Re2 75.Rh1 Re1+  0-1

[Event "Inline Czechia Cup"]
[Site "Olomouc CZE"]
[Date "2006.08.07"]
[Round "8"]
[White "Skjoldborg,J DEN"]
[Black "Kersten,U"]
[Result "1/2-1/2"]
[WhiteElo "2290"]
[BlackElo "2329"]

1.e4 d6 2.d4 Nf6 3.Nc3 Nbd7 4.g3 e5 5.Nge2 c6 6.a4 b6 7.Bg2 a6 8.O-O Bb7
9.f4 Qc7 10.h3 h5 11.Be3 Be7 12.Qe1 b5 13.dxe5 dxe5 14.Qf2 O-O 15.Nb1 c5
16.Nd2 c4 17.fxe5 Nxe5 18.axb5 axb5 19.Nd4 Rxa1 20.Rxa1 Ra8 21.Rxa8+ Bxa8
22.Nf5 Bf8 23.Bb6 Qc8 24.Bd4 Qe6 25.Bc5 Nfd7 26.Bxf8 Kxf8 27.Qa7 Qb6+ 28.Qxb6 Nxb6
29.Kf2 g6 30.Nd4 Bc6 31.N2f3 Nbd7 32.Ke3 Ke7 33.Nxc6+ Nxc6 34.Nd4 Nxd4 35.Kxd4 Kd6
36.b3 cxb3 37.cxb3 Ne5 38.Bf1 Nc6+ 39.Ke3 Kc5 40.Kf4 f6 41.g4 hxg4 42.hxg4 b4
43.g5 fxg5+ 44.Kxg5 Kd4 45.Kf6 Ne5 46.Bg2 Nc6 47.Bf3 Ke3 48.Bg4 Kxe4 49.Be6 Ne5
50.Kg5 Kd4 51.Kf6 Nd3 52.Bg8 Kc3 53.Kxg6 Nc5 54.Kf5 Nxb3 55.Ke5 Nd2 56.Kd6 Kd4
57.Kc6 Nc4 58.Kb5 b3 59.Bxc4  1/2-1/2

[Event "HZ Open"]
[Site "Vlissingen NED"]
[Date "2006.08.07"]
[Round "4"]
[White "Visser,A"]
[Black "Freeke,M"]
[Result "0-1"]
[WhiteElo "1986"]
[BlackElo "2176"]

1.d4 d6 2.e4 Nf6 3.Nc3 e5 4.Nf3 exd4 5.Qxd4 Be7 6.Bg5 O-O 7.O-O-O Nc6 8.Qd2 Be6
9.Nd4 Nxd4 10.Qxd4 c5 11.Qd2 Qa5 12.f3 Rfd8 13.Kb1 Kf8 14.Be2 Rab8 15.b3 h6
16.Bxh6 gxh6 17.Qxh6+ Kg8 18.Nd5 Nxd5 19.exd5 Bf5 20.Bd3 Bxd3 21.Rxd3 Bf8
22.Qg5+ Bg7 23.f4 Re8 24.c3 Qd8 25.Qg4 Qf6 26.f5 Re5 27.Rf1 Rbe8 28.Rg3 Kf8
29.Qh5  0-1

[Event "FSGM August"]
[Site "Budapest HUN"]
[Date "2006.08.08"]
[Round "4"]
[White "Ragger,M"]
[Black "Lorscheid,G"]
[Result "1/2-1/2"]
[WhiteElo "2456"]
[BlackElo "2294"]

1.e4 d6 2.d4 Nf6 3.Nc3 e5 4.dxe5 dxe5 5.Qxd8+ Kxd8 6.Bg5 Be6 7.O-O-O+ Kc8
8.f4 exf4 9.Nge2 Bc5 10.Nxf4 Bg4 11.Rd3 Bd6 12.h3 Bd7 13.Nfd5 Nxd5 14.exd5 f6
15.Bd2 Re8 16.Rd4 Be5 17.Rh4 Bf5 18.Bd3 Bxd3 19.cxd3 h6 20.Re1 Kd7 21.d4 Bd6
22.Ne4 Na6 23.Rg4 Bf8 24.Rf1 Rad8 25.Ng3 Kc8 26.Nh5 Re7 27.Rf5 Rf7 28.Nf4 Re8
29.Ne6 c6 30.Nxf8 Rexf8 31.dxc6 bxc6 32.Re4 Rd8 33.Ra5 Kb7 34.Re3 Nc7 35.Rb3+ Ka8
36.Rc3 Nb5 37.Rxc6 Nxd4 38.Rc4 Rfd7 39.Be3 Ne2+ 40.Kc2 Re8 41.Ra3 f5 42.Rd3 Rb7
43.g4 f4 44.Bxf4 Nxf4 45.Rxf4 Re2+ 46.Kc3 Rbxb2 47.Rf7 Rec2+ 48.Kd4 Rd2 49.Rxg7 Rxd3+
50.Kxd3 Rh2 51.a4 Rxh3+ 52.Kc4 Rf3 53.a5 Rf6 54.Kb5 Kb8 55.Kc5 Re6 56.Kc4 Rf6
57.Kb4 Re6 58.Kb5 Rf6 59.Rg8+ Kc7 60.a6 Rb6+ 61.Ka5 Re6 62.Rg7+ Kc6 63.Rxa7 Re5+
64.Kb4 Re4+ 65.Kb3 Rxg4 66.Rh7 Kb6 67.a7 Rg8 68.Rg7 Rf8 69.Rg6+ Kxa7 70.Rxh6  1/2-1/2

[Event "HZ Open"]
[Site "Vlissingen NED"]
[Date "2006.08.08"]
[Round "5"]
[White "Smeets,J"]
[Black "Klenburg,M"]
[Result "1/2-1/2"]
[WhiteElo "2532"]
[BlackElo "2403"]

1.e4 d6 2.d4 Nf6 3.Nc3 e5 4.dxe5 dxe5 5.Qxd8+ Kxd8 6.Bc4 Be6 7.Bxe6 fxe6
8.f3 Bc5 9.Nb1 Nc6 10.c3 a5 11.a4 Ke7 12.Nh3 h6 13.Nf2 Rad8 14.Ke2 g5 15.Nd3 Bd6
16.Be3 Rdg8 17.Nd2 Nh5 18.g3 g4 19.Raf1 Rh7 20.fxg4 Rxg4 21.Rf3 Rg6 22.Rhf1 Nf6
23.h3 Rhg7 24.g4 Rh7 25.Rb1 Rh8 26.Bf2 Nh7 27.Nc4 Ng5 28.Re3 Nf7 29.Rg3 Ke8
30.h4 Ke7 31.Rbg1 Ke8 32.R3g2 Rhg8 33.Ne1 Be7 34.Nf3 Bf6 35.Be3 Rh8 36.g5 hxg5
37.hxg5 Be7 38.Rg4 Rh3 39.Rh4 Rxh4 40.Nxh4 Rg8 41.Nf3 Nd6 42.Ncd2 Rh8 43.Kf2 Kf7
44.Kg3 Kg7 45.Kg4 Nf7 46.Nc4 Bd6 47.Bf2 Kg6 48.Bg3 Kg7 49.Rd1 Rb8 50.Nh4 Rd8
51.Rd2 Ra8 52.Rf2 Be7 53.Nf3 Bd6 54.Rd2 Rb8 55.Nh4 Ra8 56.g6 Nh6+ 57.Kh3 Ng8
58.Nxd6 cxd6 59.Rxd6 Re8 60.b4 axb4 61.cxb4 Kf6 62.b5 Na5 63.Rd1 Nc4 64.Rf1+ Kg5
65.Rc1 Nd6 66.Bxe5 Nxe4 67.Rg1+ Kh5 68.Nf3 Ra8 69.g7 Rxa4 70.Re1 Kg6 71.Re2 Ra3
72.Kg2 Nef6 73.Nd4 Kxg7 74.Nxe6+ Kg6 75.b6 Nd5 76.Bc7 Rc3 77.Nd8 Nxc7 78.bxc7 Rxc7
79.Rb2  1/2-1/2

[Event "HZ Open"]
[Site "Vlissingen NED"]
[Date "2006.08.09"]
[Round "6"]
[White "Schut,D"]
[Black "Plukkel,S"]
[Result "0-1"]
[WhiteElo "2016"]
[BlackElo "2148"]

1.e4 d6 2.d4 Nf6 3.Nc3 Nbd7 4.g4 h6 5.Be3 e5 6.h3 c6 7.Nge2 Qc7 8.Bg2 Nb6
9.Ng3 Be7 10.a4 Nc4 11.Bc1 Qb6 12.Nce2 Nxb2 13.Bxb2 Qxb2 14.c3 Qb6 15.a5 Qc7
16.O-O g5 17.Nf5 Bxf5 18.exf5 d5 19.dxe5 Qxe5 20.Nd4 Qc7 21.Re1 a6 22.Qe2 Kf8
23.c4 Rd8 24.cxd5 Nxd5 25.Qb2 Rg8 26.Rac1 Nf4 27.f6 Bxf6 28.Ne6+ Nxe6 29.Qxf6 Rg6
30.Qc3 Qf4 31.Be4 Rf6 32.Bf5 Nd4 33.Re4 Qxe4  0-1

[Event "San Agustin Open"]
[Site "Aviles ESP"]
[Date "2006.08.10"]
[Round "6"]
[White "Huerga Leache,M"]
[Black "Rutkowski,M"]
[Result "1/2-1/2"]
[WhiteElo "2310"]
[BlackElo "2295"]

1.e4 d6 2.d4 Nf6 3.Nc3 e5 4.Nf3 Nbd7 5.Bc4 Be7 6.O-O O-O 7.a4 h6 8.h3 Re8
9.Re1 c6 10.Ba2 a5 11.Be3 Bf8 12.Qd2 exd4 13.Bxd4 Nc5 14.Bxc5 dxc5 15.Qxd8 Rxd8
16.Ne5 Be6 17.Bxe6 fxe6 18.Rad1 Rd4 19.Nf3 Rb4 20.b3 c4 21.e5 Nd5 22.Na2 cxb3
23.Nxb4 Bxb4 24.cxb3 Bxe1 25.Nxe1 Ra6 26.Nd3 Rb6 27.Nc5 Rb4 28.Rd3 Kf7 29.Rf3+ Ke7
30.Rg3 g5 31.Rf3  1/2-1/2

[Event "San Agustin Open"]
[Site "Aviles ESP"]
[Date "2006.08.11"]
[Round "7"]
[White "Baragano Campa,J"]
[Black "Alonso Alvarez,A"]
[Result "1/2-1/2"]
[WhiteElo "2011"]
[BlackElo "2135"]

1.e4 d6 2.d4 Nf6 3.Nc3 Nbd7 4.Bc4 e5 5.Nge2 Be7 6.O-O O-O 7.Bg5 c6 8.Qd2 Qc7
9.Kh1 b5 10.Bd3 exd4 11.Nxd4 Nc5 12.Rae1 a5 13.f4 b4 14.Nd1 Nxd3 15.cxd3 c5
16.Nf3 Ba6 17.Ne3 a4 18.Nf5 h6 19.Bh4 Bc8 20.Nxe7+ Qxe7 21.Qc2 Qe6 22.Qc4 Ra7
23.Qxe6 fxe6 24.Rc1 Ba6 25.Rfd1 Kf7 26.Bxf6 gxf6 27.Kg1 f5 28.exf5 exf5 29.d4 Be2
30.Rd2 Bxf3 31.gxf3 cxd4 32.Rxd4 Rd8 33.Rxb4 d5 34.Rd4 Rd6  1/2-1/2

[Event "Open"]
[Site "Genova ITA"]
[Date "2006.08.11"]
[Round "5"]
[White "Barsov,A"]
[Black "Velikov,P"]
[Result "1/2-1/2"]
[WhiteElo "2546"]
[BlackElo "2465"]

1.d4 d6 2.e4 Nf6 3.Nc3 c6 4.f4 Qa5 5.e5 Ne4 6.Qf3 Nxc3 7.Bd2 Bf5 8.Ne2 Qb6
9.Qxc3 e6 10.Ng3 Bg6 11.d5 Na6 12.dxc6 bxc6 13.Be3 Qb7 14.f5 exf5 15.exd6 Bxd6
16.O-O-O Nb4 17.Qxg7 O-O-O 18.Rxd6 Rxd6 19.Qxh8+ Rd8 20.Qe5 Rd5 21.Qh8+ Rd8
22.Qe5 Rd5 23.Qh8+  1/2-1/2

[Event "Open"]
[Site "Stare Mesto CZE"]
[Date "2006.08.11"]
[Round "1"]
[White "Novosadova,K"]
[Black "Lubczynski,R"]
[Result "1-0"]
[WhiteElo "1985"]
[BlackElo "2361"]

1.e4 d6 2.d4 Nf6 3.Nc3 e5 4.Be3 Ng4 5.Nf3 Nxe3 6.fxe3 Nd7 7.Qd2 c6 8.O-O-O Be7
9.h4 h5 10.Qf2 Bf6 11.Bc4 b5 12.Bb3 O-O 13.Qg3 Kh7 14.Ng5+ Bxg5 15.hxg5 g6
16.Qh4 f6 17.Qg4 Qe8 18.Rxh5+ gxh5 19.Rh1 Qg6 20.Rxh5+ Kg7 21.Be6 exd4 22.Bf5 Ne5
23.Qh3 Bxf5 24.exf5 Qxh5 25.Qxh5 dxc3 26.Qh6+ Kf7 27.Qxf6+ Kg8 28.Qe6+ Kg7
29.Qh6+ Kf7 30.Qh7+ Ke8 31.f6 Ng6 32.Qxg6+ Kd7 33.Qg7+ Ke6 34.e4 Ke5 35.f7+ Kxe4
36.Qg6+ Ke3 37.bxc3  1-0

[Event "Open"]
[Site "Genova ITA"]
[Date "2006.08.12"]
[Round "6"]
[White "Dzhumaev,M"]
[Black "Lazic,Mir"]
[Result "1/2-1/2"]
[WhiteElo "2509"]
[BlackElo "2477"]

1.e4 d6 2.d4 Nf6 3.Nc3 e5 4.Nf3 Nbd7 5.Bc4 Be7 6.O-O O-O 7.Re1 c6 8.a4 a5
9.Ba2 exd4 10.Nxd4 Nc5 11.Bc4 Qb6 12.h3 Be6 13.Qe2 Bxc4 14.Qxc4 Qb4 15.b3 Qxc4
16.bxc4 Nfd7 17.Nf5 Bf6 18.Bb2 Nb6 19.Nd1 Be5 20.f4 Bxb2 21.Nxb2 Rad8 22.Kf2 g6
23.Nd4 Rfe8 24.Kf3 Re7 25.Nb3 Nbd7 26.Re3 Nxb3 27.cxb3 Nc5 28.Rae1 Rde8 29.Nd1 Ne6
30.Rd3 Nc5 31.Rde3 f5 32.exf5 Rxe3+ 33.Nxe3 Nxb3 34.Rd1 Rd8 35.g4 Nc5 36.f6 Nxa4
37.Ra1 b5 38.cxb5 cxb5 39.g5 d5 40.Ng4 d4 41.Re1 d3 42.Re7 d2 43.Nh6+  1/2-1/2

[Event "Open"]
[Site "Stare Mesto CZE"]
[Date "2006.08.12"]
[Round "2"]
[White "Vavruska,A"]
[Black "Hasangatin,R"]
[Result "0-1"]
[WhiteElo "2142"]
[BlackElo "2491"]

1.d4 Nf6 2.Nc3 d6 3.e4 Nbd7 4.Nf3 e5 5.Bc4 Be7 6.O-O O-O 7.h3 c6 8.a4 b6
9.Be3 Bb7 10.dxe5 Nxe5 11.Bb3 Nxf3+ 12.Qxf3 a6 13.Rad1 Qc7 14.Rfe1 b5 15.axb5 axb5
16.Bf4 Nd7 17.Qg3 Ne5 18.Bc1 Ng6 19.Qg4 Bc8 20.Qf3 Kh8 21.g4 Ra1 22.Ne2 d5
23.Ng3 Nh4 24.Qe2 Bc5 25.Be3 d4 26.Bxd4 Bxd4 27.Nh5 Rxd1 28.Rxd1  0-1

[Event "16th Open"]
[Site "Abu Dhabi UAE"]
[Date "2006.08.13"]
[Round "2"]
[White "Gashimov,V"]
[Black "Sturua,Z"]
[Result "1/2-1/2"]
[WhiteElo "2644"]
[BlackElo "2509"]

1.e4 d6 2.d4 Nf6 3.Nc3 e5 4.Nf3 Nbd7 5.Bc4 Be7 6.O-O O-O 7.Re1 c6 8.a4 a5
9.h3 h6 10.Ba2 Re8 11.Be3 exd4 12.Nxd4 Nc5 13.Qf3 Bf8 14.Bf4 Ne6 15.Bxe6 Bxe6
16.Rad1 Bd7 17.b3 Nh7 18.Qg3 Qf6 19.Nde2 Re6 20.Rd3 Qe7 21.Bxd6 Rxd6 22.Rxd6 Qxd6
23.Qxd6 Bxd6 24.Rd1 Bxh3 25.Rxd6 Be6 26.Nd4 Nf8 27.f4 Re8 28.e5 Bc8 29.Kf2 Ne6
30.Nxe6 Bxe6 31.Ke3 Bf5 32.Ne4 f6 33.Kd4 fxe5+ 34.fxe5 Kf7 35.c3 Ke7 36.Nc5 Bc8
37.Rg6  1/2-1/2

[Event "Acropolis Women's Open"]
[Site "Athens GRE"]
[Date "2006.08.13"]
[Round "1"]
[White "Krivec,J"]
[Black "Petraki,M"]
[Result "1-0"]
[WhiteElo "2316"]
[BlackElo "2094"]

1.e4 d6 2.d4 Nf6 3.Nc3 e5 4.Nf3 exd4 5.Nxd4 Be7 6.Be2 O-O 7.O-O Re8 8.f4 Bf8
9.Bf3 c6 10.a4 a5 11.Re1 Nbd7 12.Be3 Qc7 13.Bf2 g6 14.Qd2 Nb6 15.b3 Bd7 16.Bg3 Bg4
17.e5 Bxf3 18.exf6 Bd5 19.f5 Nd7 20.Nxd5 cxd5 21.fxg6 hxg6 22.Nb5 Qc5+ 23.Bf2 Qc6
24.Nd4 Qc7 25.Nb5 Qc6 26.Bd4 Nc5 27.h4 Re4 28.h5 Kh7 29.hxg6+ fxg6 30.Re3 Rh4
31.Qf2 Rh5 32.g4 Rh6 33.Re7+ Bxe7 34.fxe7 Qe8 35.Qf6 Qg8 36.Rf1 Ne6 37.Nxd6 Nxd4
38.Qxd4 Rh3 39.Rf7+ Kh6 40.Qf4+ g5 41.Qf6+  1-0

[Event "August Open"]
[Site "Cambre ESP"]
[Date "2006.08.13"]
[Round "3"]
[White "Gomez Torres,J"]
[Black "Gomez Lopez,Rob"]
[Result "0-1"]
[WhiteElo "2003"]
[BlackElo "2165"]

1.e4 d6 2.d4 Nf6 3.Nc3 e5 4.Nf3 Nbd7 5.Bc4 Be7 6.Bxf7+ Kxf7 7.Ng5+ Kg8 8.Ne6 Qe8
9.Nxc7 Qg6 10.Nxa8 Qxg2 11.Rf1 exd4 12.Qxd4 Ne5 13.f4 Nfg4 14.Qd5+ Nf7 15.Qb5 Nxh2
16.Be3 Bd7 17.Qe2 Qxf1+ 18.Qxf1 Nxf1 19.Kxf1 b6 20.Nc7 h5 21.N7d5 Bd8 22.Kf2 g5
23.fxg5 Nxg5 24.Kg2 Rh7 25.Bd4 Rf7 26.Rg1 Kh7 27.Rh1 Bg4 28.Re1 Nf3 29.Rf1 h4
30.Ne3 Bh5 31.Nf5 Nxd4 32.Nxd4 h3+  0-1

[Event "Open"]
[Site "Genova ITA"]
[Date "2006.08.13"]
[Round "8"]
[White "Lazic,Mir"]
[Black "Georgiev,Kr"]
[Result "1-0"]
[WhiteElo "2477"]
[BlackElo "2485"]

1.e4 d6 2.d4 Nf6 3.Nc3 Nbd7 4.g3 g6 5.Bg2 Bg7 6.h3 O-O 7.Nge2 Rb8 8.a4 a6
9.a5 b5 10.axb6 Rxb6 11.b3 Bb7 12.Be3 Qa8 13.d5 Rb4 14.O-O c6 15.dxc6 Bxc6
16.Nd5 Bxd5 17.exd5 Rc8 18.c3 Rb7 19.c4 Nc5 20.Ra3 Nfd7 21.Bd4 Bxd4 22.Nxd4 Ne5
23.Re1 Qa7 24.Re3 Qb6 25.Kh2 Kf8 26.f4 Ned7 27.Nc6  1-0

[Event "Empresa A"]
[Site "Montreal CAN"]
[Date "2006.08.13"]
[Round "6"]
[White "Korneev,O"]
[Black "Eljanov,P"]
[Result "1/2-1/2"]
[WhiteElo "2638"]
[BlackElo "2651"]

1.e4 d6 2.d4 Nf6 3.Nc3 e5 4.Nf3 Nbd7 5.Bc4 Be7 6.O-O O-O 7.Re1 c6 8.a4 b6
9.Ba2 a6 10.h3 Rb8 11.Be3 b5 12.axb5 axb5 13.Nd2 Bb7 14.Ne2 c5 15.d5 Ne8
16.c4 b4 17.Nf3 g6 18.Bh6 Ng7 19.g4 Nf6 20.Ng3 Kh8 21.Bb1 Ng8 22.Be3 Bc8
23.Kh2 f5  1/2-1/2

[Event "Open"]
[Site "Predeal ROM"]
[Date "2006.08.13"]
[Round "2"]
[White "Seger,R"]
[Black "Luca,I"]
[Result "1-0"]
[WhiteElo "2407"]
[BlackElo "2210"]

1.e4 d6 2.d4 Nf6 3.Nc3 c6 4.f4 Qa5 5.e5 Ne4 6.Qf3 f5 7.exf6 Nxf6 8.Bd3 Na6
9.Ne2 Bg4 10.Qg3 Nb4 11.O-O Bf5 12.Bxf5 Qxf5 13.a3 Na6 14.d5 c5 15.Qf3 Nc7
16.Rd1 g6 17.Rd3 Bg7 18.h3 O-O 19.Be3 b5 20.b4 Nd7 21.Rb1 a6 22.Ne4 Nb6 23.bxc5 dxc5
24.N2g3 Qc8 25.Nxc5 Nc4 26.Qe4 Bf6 27.Bf2 Rd8 28.Re1 Nd6 29.Qf3 Nf5 30.Nxf5 Qxf5
31.g4 Qc8 32.Ne4 Ne8 33.Nc5 Bg7 34.Qe4 Nf6 35.Qf3 Re8 36.Re2 Ra7 37.d6 exd6
38.Ne4 Qc7  1-0

[Event "Acropolis Open"]
[Site "Athens GRE"]
[Date "2006.08.14"]
[Round "2"]
[White "Kokolias,K"]
[Black "Sarandos,V"]
[Result "1-0"]
[WhiteElo "2188"]
[BlackElo "2278"]

1.Nc3 Nf6 2.e4 d6 3.d4 c6 4.f4 Qa5 5.Bd3 e5 6.Nf3 Bg4 7.Be3 Nbd7 8.O-O Be7
9.h3 Bh5 10.Qd2 Bxf3 11.Rxf3 Bd8 12.b4 Qxb4 13.Nb5 Qxd2 14.Nxd6+ Kf8 15.Bxd2 Bb6
16.Kh1 Bxd4 17.c3 Bc5 18.Nxb7 Bb6 19.Bc1 Rb8 20.Ba3+ Kg8 21.Nd6 exf4 22.Nf5 g6
23.Ne7+ Kg7 24.Bd6 Rbe8 25.Rxf4 Bc5 26.e5 Bxd6 27.exd6 Ne5 28.Bc2 Nh5 29.Ra4 Rd8
30.Re1 Kf6 31.g4 Rxd6 32.gxh5 Rd2 33.Bb3 Nd3 34.Re3 gxh5 35.Rxa7 Kg5 36.Nxc6 Kf4
37.Rae7 f5 38.Nd4 Rf2 39.Rxd3  1-0